00518nam a22001575i 4500001000700000003000900007005001700016008004100033040002000074080002100094100004600115245006400161260003300225300004700258852005500305164399ES-MaACL20250813063334.0951120s1816 sp af |||| | spa d aEUS bspa cEUS a821.134.2-14"17"1 aSalas, Francisco Gregorio de, d1728-180810aObservatorio rústico / cpor Francisco Gregorio de Salas. aMadrid : bRepulles, c1816. a156 p., [6] h. de lám. : bil. ; c14cm. aES-MaACLjR-2925 z-- Enc. pasta x Olim:F-1193